00672nam a22001937a 4500003000400000005001700004008004100021020001500062040003000077100002800107245002500135250001200160260007000172300000900242650003500251942001500286952016000301999001700461OSt20250722171230.0250722b |||||||| |||| 00| 0 eng d a0324259239 cChuka university library aMoyer Charles R.920152 aManagerial Economics a10th ED aSouth western thomson learningbUnited States cThomson Learning  a869p a1. Managreal Economics 920153 2lcccBKn0 00102lcc40708LGLaCHKbCHKcGENd2025-07-01eDonation from Books for Africa l0oHD 30.22 .M32 1999p26645/2025r2025-07-22 17:14:26t1w2025-07-22yBK c19760d19760